00341nam a2200133Ia 4500008004100000020001500041041001200056082002100068100002100089245003600110260002700146300001300173650002100186231217s9999 xx 000 0 und d a8178810646 aEnglish a332.1 GUP;2 R1 aGupta, Vivek ed. 0aE-banking : global perspectives c2004bIcfaiaHyderabad axiv, 184 aE-banking,global